[Event "Newcastle Northumbria Masters"]
[Site "Newcastle on Tyne"]
[Date "2019.08.26"]
[Round "7"]
[White "Mannion, Stephen R"]
[Black "Mosnegutu, Klaus"]
[Result "0-1"]
[WhiteElo "2285"]
[BlackElo "2230"]
[PlyCount "123"]
[EventDate "2019.08.23"]
[EventType "swiss"]
[EventRounds "9"]
[EventCountry "ENG"]
[SourceTitle "EXT 2020"]
[Source "ChessBase"]
[SourceDate "2019.10.17"]
[SourceVersion "1"]
[SourceVersionDate "2019.10.17"]
[SourceQuality "1"]

1. e4 c5 2. Nf3 d6 3. d4 cxd4 4. Nxd4 Nf6 5. Nc3 a6 6. Bd3 e5 7. Nde2 Be6 8. 0-0 Nbd7 9. f4 Nc5 10. f5 Nxd3 11. Qxd3 Bd7 12. Bg5 Qb6+ 13. Kh1 Bc6 14. Bxf6 gxf6 15. b3 Rc8 16. Nd5 Bxd5 17. exd5 Bh6 18. Rf3 Qb4 19. c3 Qa3 20. Qc2 Rc5 21. Rh3 Bg5 22. Rd3 Ke7 23. Ng3 Qb4 24. Re1 Qh4 25. Re4 Bf4 26. Rf3 Kd7 27. c4 Rhc8 28. Qe2 Rd8 29. Nf1 Qh5 30. g3 Bg5 31. g4 Qh6 32. Ng3 b5 33. Nh5 Bh4 34. Rc3 Rdc8 35. Rc2 Qf8 36. a3 Qd8 37. Kg2 Qc7 38. Qd3 Qb7 39. Ree2 bxc4 40. bxc4 Qb1 41. Qe4 Rb8 42. Nf4 Qd1 43. Nd3 Rb1 44. Nxc5+ dxc5 45. Kh3 Bg5 46. Rc3 Qf1+ 47. Qg2 Qd1 48. Rb2 Rxb2 49. Qxb2 Qf1+ 50. Qg2 Qe1 51. Rg3 Qb1 52. Qe2 e4 53. Rc3 e3 54. Rc2 Qb6 55. Qf3 Qb3 56. Re2 Qxc4 57. Kg2 Qd4 58. h4 Bf4 59. Kh3 c4 60. d6 Kxd6 61. Re1 Ke5 62. Qb7 0-1

[Event "Newcastle Northumbria Masters"]
[Site "Newcastle on Tyne"]
[Date "2019.08.25"]
[Round "5"]
[White "Chipanga, Takaedza"]
[Black "Mosnegutu, Klaus"]
[Result "0-1"]
[WhiteElo "2068"]
[BlackElo "2230"]
[PlyCount "103"]
[EventDate "2019.08.23"]
[EventType "swiss"]
[EventRounds "9"]
[EventCountry "ENG"]
[SourceTitle "EXT 2020"]
[Source "ChessBase"]
[SourceDate "2019.10.17"]
[SourceVersion "1"]
[SourceVersionDate "2019.10.17"]
[SourceQuality "1"]

1. d4 Nf6 2. c4 e6 3. g3 Bb4+ 4. Nd2 c5 5. Ngf3 cxd4 6. a3 Qa5 7. Nxd4 Bc5 8. N4b3 Bxf2+ 9. Kxf2 Ng4+ 10. Ke1 Qa4 11. Ne4 0-0 12. h3 Ne5 13. Nbd2 Qc6 14. Bg2 d5 15. cxd5 exd5 16. Nc3 Qg6 17. Kf2 Qb6+ 18. Kf1 Be6 19. Nf3 Nbc6 20. Nxe5 Nxe5 21. Bf4 Ng6 22. Qd2 Rfe8 23. e3 Nxf4 24. gxf4 d4 25. exd4 Bc4+ 26. Kg1 Rad8 27. Kh2 Rxd4 28. Qf2 Qf6 29. Rhe1 Rf8 30. Re4 Rxe4 31. Nxe4 Qh6 32. Rd1 Qh5 33. Rd2 b6 34. Ng3 Qb5 35. Qd4 h6 36. Qe5 Qxe5 37. fxe5 Re8 38. Rd4 Be6 39. Bc6 Rc8 40. Be4 g6 41. b4 Kg7 42. h4 h5 43. Ne2 Bg4 44. Nf4 Rc3 45. a4 Ra3 46. b5 Kh6 47. e6 fxe6 48. Bc6 Bf3 49. Rd3 Rxd3 50. Nxd3 Bd1 51. Nb2 Bc2 52. Kg3 0-1

[Event "Newcastle Northumbria Masters"]
[Site "Newcastle on Tyne"]
[Date "2019.08.24"]
[Round "2"]
[White "Tan, Justin Hy"]
[Black "Mosnegutu, Klaus"]
[Result "1-0"]
[WhiteElo "2519"]
[BlackElo "2230"]
[PlyCount "37"]
[EventDate "2019.08.23"]
[EventType "swiss"]
[EventRounds "9"]
[EventCountry "ENG"]
[SourceTitle "EXT 2020"]
[Source "ChessBase"]
[SourceDate "2019.10.17"]
[SourceVersion "1"]
[SourceVersionDate "2019.10.17"]
[SourceQuality "1"]

1. e4 c5 2. Nf3 d6 3. Bb5+ Bd7 4. c4 Bxb5 5. cxb5 e5 6. Nc3 Be7 7. 0-0 Nf6 8. d3 0-0 9. Qb3 Ne8 10. Be3 Nc7 11. Nd2 Nd7 12. Nc4 Nf6 13. Bg5 Nh5 14. Qd1 g6 15. Bh6 Re8 16. Qf3 Bf6 17. a4 Re6 18. Be3 Bg5 19. a5 1-0

[Event "ROM-ch"]
[Site "Sarata Monteoru"]
[Date "2012.02.14"]
[Round "2"]
[White "Mosnegutu, Klaus"]
[Black "Szabo, Gergely Andras"]
[Result "0-1"]
[WhiteElo "2246"]
[BlackElo "2554"]
[PlyCount "58"]
[EventDate "2012.02.13"]
[EventType "swiss"]
[EventRounds "11"]
[EventCountry "ROU"]
[SourceTitle "CBM 147 Extra"]
[Source "ChessBase"]
[SourceDate "2012.04.24"]
[SourceVersion "1"]
[SourceVersionDate "2012.04.24"]
[SourceQuality "1"]

1. d4 Nf6 2. c4 e6 3. Nf3 c5 4. Nc3 cxd4 5. Nxd4 Nc6 6. a3 Bc5 7. Nxc6 bxc6 8. b4 Be7 9. c5 a5 10. Rb1 axb4 11. axb4 Ba6 12. g3 0-0 13. Bg2 Nd5 14. Bd2 Bf6 15. Ne4 Be5 16. 0-0 f5 17. Nd6 Qf6 18. Bxd5 exd5 19. Bf4 Bxf4 20. gxf4 Qh4 21. f3 Qxf4 22. Qc2 Qe3+ 23. Rf2 f4 24. Rb3 Qd4 25. Kf1 Bc4 26. Rb1 Ra2 27. Qd1 Rd2 28. Qa4 Bxe2+ 29. Rxe2 Qd3 0-1

[Event "ROM-ch op"]
[Site "Sarata Monteoru"]
[Date "2011.02.13"]
[Round "2"]
[White "Tufa, Mihai"]
[Black "Mosnegutu, Klaus"]
[Result "0-1"]
[WhiteElo "2011"]
[BlackElo "2271"]
[PlyCount "62"]
[EventDate "2011.02.12"]
[EventType "swiss"]
[EventRounds "11"]
[EventCountry "ROU"]
[SourceTitle "CBM 140 Extra"]
[Source "ChessBase"]
[SourceDate "2011.03.01"]
[SourceVersion "1"]
[SourceVersionDate "2011.03.01"]
[SourceQuality "1"]

1. e4 c5 2. c3 d5 3. exd5 Qxd5 4. d4 Nf6 5. Nf3 Bg4 6. Be2 cxd4 7. cxd4 e6 8. Nc3 Bb4 9. 0-0 Bxc3 10. bxc3 0-0 11. h3 Bh5 12. Be3 Nc6 13. Qb3 Na5 14. Qb4 Rac8 15. g4 Bg6 16. Ne5 Nc6 17. Nxg6 hxg6 18. Qa4 Na5 19. Rfc1 Nc4 20. Rab1 Nxe3 21. fxe3 Qe4 22. Bf1 Qxe3+ 23. Kh1 Ne4 24. Re1 Qf3+ 25. Bg2 Nf2+ 26. Kh2 Qf4+ 27. Kg1 Qg3 28. Qxa7 Nxh3+ 29. Kh1 Nf2+ 30. Kg1 Nxg4 31. Rec1 Qh2+ 0-1

[Event "ROM-chT"]
[Site "Baile Herculane"]
[Date "2010.09.05"]
[Round "2.24"]
[White "Pop, Alexandru"]
[Black "Mosnegutu, Klaus"]
[Result "1/2-1/2"]
[WhiteElo "2116"]
[BlackElo "2267"]
[PlyCount "126"]
[EventDate "2010.09.04"]
[EventType "team-tourn"]
[EventRounds "9"]
[EventCountry "ROU"]
[SourceTitle "EXT 2021"]
[Source "ChessBase"]
[SourceDate "2020.10.23"]
[SourceVersion "1"]
[SourceVersionDate "2020.10.23"]
[SourceQuality "1"]

1. e4 c5 2. Nc3 a6 3. Nf3 d6 4. d4 cxd4 5. Nxd4 Nf6 6. f3 e5 7. Nb3 Be6 8. Be3 Nbd7 9. Qd2 b5 10. g4 Nb6 11. g5 Nfd7 12. a4 Nc4 13. Bxc4 bxc4 14. Nc1 Rb8 15. Ra2 h6 16. gxh6 Qh4+ 17. Qf2 Qxf2+ 18. Bxf2 Rxh6 19. Be3 Rh3 20. 0-0 Nf6 21. Bg5 Be7 22. N1e2 Kd7 23. f4 Bg4 24. Ng3 Rbh8 25. Rf2 exf4 26. Bxf4 Be6 27. Rd2 Ng4 28. Nf1 f6 29. Nd5 Ne5 30. Bxe5 fxe5 31. Ra1 Bg5 32. Rg2 Bxd5 33. exd5 Bf6 34. Ng3 R8h7 35. Re1 R3h4 36. Re4 Rf4 37. Rge2 Rhh4 38. Kg2 Kc7 39. b3 c3 40. b4 Kb6 41. h3 a5 42. bxa5+ Kxa5 43. Re1 Be7 44. Rxf4 Rxf4 45. Re4 Rxe4 46. Nxe4 Kxa4 47. Nxc3+ Kb4 48. Nd1 Kc5 49. Kf3 Kxd5 50. Ne3+ Ke6 51. Ke4 Bh4 52. c4 Bf2 53. Nf5 g6 54. Nh6 Bd4 55. Ng4 Bc5 56. Nh2 Kf6 57. Nf3 Bb4 58. Nh4 Be1 59. Nf3 Bg3 60. Nd2 Bf4 61. Nf3 Bg3 62. Nd2 Bf4 63. Nf3 Bg3 1/2-1/2

[Event "ROM-ch"]
[Site "Eforie Nord"]
[Date "2009.02.08"]
[Round "9"]
[White "Mosnegutu, Klaus"]
[Black "Suciu, Dinu Simi"]
[Result "1-0"]
[WhiteElo "2256"]
[BlackElo "2185"]
[PlyCount "65"]
[EventDate "2009.01.31"]
[EventType "swiss"]
[EventRounds "9"]
[EventCountry "ROU"]
[SourceTitle "CBM 130 Extra"]
[Source "ChessBase"]
[SourceDate "2009.07.02"]
[SourceVersion "2"]
[SourceVersionDate "2009.07.15"]
[SourceQuality "1"]

1. d4 d5 2. c4 c6 3. Nc3 Nf6 4. Bg5 Ne4 5. Nxe4 dxe4 6. Qd2 h6 7. Bh4 f5 8. e3 Nd7 9. f3 g5 10. Bg3 Nf6 11. h4 Bg7 12. hxg5 hxg5 13. Rxh8+ Bxh8 14. 0-0-0 e6 15. Be5 exf3 16. gxf3 Kf7 17. Qg2 Nh7 18. Qh2 Kg6 19. Bd3 Bd7 20. Ne2 Bxe5 21. dxe5 Qe7 22. Rh1 Rh8 23. f4 g4 24. e4 Kg7 25. Qh6+ Kg8 26. exf5 exf5 27. Ng3 Qf8 28. e6 Qxh6 29. Rxh6 Bxe6 30. Rxe6 Nf8 31. Re3 Ng6 32. Bxf5 Nxf4 33. Bxg4 1-0